00969nam a2200265 a 450000100060000000300080000600500170001400800410003103500190007204000320009104100080012308200260013110000290015724500980018626000440028430000190032835000080034749000360035550400300039160000570042160000500047894200120052899900170054095201460055784722BD-RjUL20250225123718.0250225s1968 enk b 000 0 eng  a(BD-RjUL)84722 aDLCcDLCdDLCdBD-RjULbeng aeng00223a822.912bALC 19681 aAlexander, Nigel.91508012aA critical commentary on Bernard Shaw's 'Arms and the man' and 'Pygmalion' /cNigel Alexander aLondon;aMelbourne :bMacmillan,c1968. a85 p.;c21 cm. a7/60 aMacmillan critical commentaries aBibliography: p. [84]-85.10aShaw, Bernard,d1856-1950.tArms and the man.91508110aShaw, Bernard,d1856-1950.tPygmalion.915082 2ddccBK c84722d84722 00102ddc40718NFICaRUCLbRUCLcReadingd1973-10-03eProvincial Book g7.80l0o822.912 ALC 1968r2025-02-25 00:00:00tC-1w2025-02-25yBK